000 00245nam a22001097a 4500
008 230627b xxu||||| |||| 00| 0 eng d
082 _a338.9
_bKEN
245 _aDevelopment Plan 1984-1988
260 _bGOK
300 _aXII,225p
942 _2ddc
_cBK
999 _c2889
_d2889